| 000 | 00363 a2200169 4500 | ||
|---|---|---|---|
| 001 | 168781 | ||
| 020 | _a | ||
| 040 | _cMagnum | ||
| 100 | _aGandra, Pérola Soares | ||
| 240 | 1 | 0 |
_aCoração de latão _lpor |
| 245 | 1 | 0 | _aCoração de latão |
| 300 | _a16 | ||
| 362 | 0 | _a2000 | |
| 440 | 1 | _aArmazém de Idéias | |
| 697 | _aLITERATURA INFANTO | ||
| 942 | _cBK | ||
| 999 |
_c168781 _d168781 |
||